Statistics for Countries that recognize the Armenian genocide

Click here to take the quiz!

General Stats

  • This quiz has been taken 56 times
  • The average score is 20 of 27

Answer Stats

Continent Country % Correct
South AmericaArgentina
98%
South AmericaBrazil
94%
Asia/ EuropeRussia
92%
South AmericaChile
91%
EuropeFrance
91%
North AmericaCanada
89%
South AmericaVenezuela
87%
EuropeGermany
85%
EuropeGreece
85%
South AmericaUruguay
85%
EuropeItaly
83%
South AmericaBolivia
83%
South AmericaParaguay
81%
EuropeSweden
79%
EuropeSwitzerland
75%
Europethe Netherlands
75%
EuropePoland
72%
EuropeBulgaria
68%
EuropeSlovakia
68%
EuropeVatican City
64%
AsiaArmenia
55%
EuropeCzechia
51%
EuropeCyprus
49%
EuropeLuxembourg
49%
EuropeLithuania
40%
AsiaLebanon
34%
AsiaSyria
32%

Score Distribution

Percentile by Number Answered

Percent of People with Each Score

Your Score History

You have not taken this quiz